عرض عادي
عرض مارك
- Meng, Wei,
مدخل إسم شخص
001 - رقم الضبط
- حقل الضبط: 64634
003 - معرف رقم الضبط
- حقل الضبط: OSt
005 - تاريخ ووقت أخر عملية
- حقل الضبط: 20180829192351.0
008 - عناصر بيانات ثابتة الطول
- حقل تحكم ثابت الطول: 180829|| aca||aabn | a|a d
040 ## - مصدر الفهرسة
- هيئة الفهرسة الأصلية: OSt
- وكالة الكتابة: OSt
100 ## - مدخل -- أسم شخص
- إسم شخص: Meng, Wei,
- العنوان و الكلمات الأخري المرتبطة بالأسم: (Of University of Auckland. Department of Mechanical Engineering),
- مصطلح الرابط: author.
670 ## - بيانات المصدر موجوده
- الاستشهاد بالمصدر: Work cat.: (OSt)0: Xie, Shane, author. 64628, Soft robots for healthcare applications :
